Badanti & Co. (Record n. 210429)

Dettagli MARC
000 -LEADER
fixed length control field 01914nam a2200217Ia 4500
001 - CONTROL NUMBER
control field b6599-47455
003 - CONTROL NUMBER IDENTIFIER
control field IT-MiCISF
008 - FIXED-LENGTH DATA ELEMENTS--GENERAL INFORMATION
fixed length control field 161014s9999||||xx |||||||||||||| ||und||
040 ## - CATALOGING SOURCE
Original cataloging agency IT-MiCISF
Transcribing agency IT-MiCISF
041 ## - LANGUAGE CODE
Language code of text/sound track or separate title it
999 ## - SYSTEM CONTROL NUMBERS (KOHA)
Koha Dewey Subclass [OBSOLETE] si
100 ## - MAIN ENTRY--PERSONAL NAME
Personal name Catanzaro Raimondo
245 #0 - TITLE STATEMENT
Title Badanti & Co.
Remainder of title Il lavoro domestico straniero in Italia
250 ## - EDITION STATEMENT
Edition statement 1a ed.
260 ## - PUBLICATION, DISTRIBUTION, ETC. (IMPRINT)
Place of publication, distribution, etc. Bologna
Name of publisher, distributor, etc. Il Mulino
Date of publication, distribution, etc. 2009
300 ## - PHYSICAL DESCRIPTION
Extent pp. 387
500 ## - GENERAL NOTE
General note Sarti R., Caponio T., Ambrosini M., Beccallli B., Cvainer M., Sciortino G., Banfi L., Greco L., Petrosino D., Colombo A., Decimo F., Tognetti Bordogna M., Fullin G., Reyneri E., Vercelloni V., Marchetti A. / lavoro-domestico, donna, famiglia-migranti, differenza-sessuale, rapporti-familiari, rapporti-sociali, integrazione / Oggi oltre due milioni e mezzo di famiglie italiane hanno in casa assistenti familiari (le cosiddette "badanti"), colf, baby-sitter. Ma la novità più vistosa, rispetto al passato, sta nel fatto che questo personale di servizio è costituito in misura crescente da stranieri, e in particolare da straniere: quella che era chiamata semplicemente "la donna" è diventata "la filippina" o "l'ucraina". Un cambiamento largamente inesplorato. Basato su estese ricerche condotte negli ultimi anni da un team di studiosi che hanno intrecciato approcci disciplinari diversi, e su un ricchissimo archivio di oltre seicento lunghe storie di vita raccontate da lavoratrici e lavoratori stranieri, questo volume ne ricostruisce i percorsi migratori, i canali di integrazione, le esperienze lavorative, le relazioni domestiche all'interno delle nostre case. Per quanto non ci si pensi, queste persone hanno poi anche una casa propria che è scenario di vite quotidiane e familiari, di rapporti affettivi e amicali, qui indagati e rivelati.
650 ## - SUBJECT ADDED ENTRY--TOPICAL TERM
Topical term or geographic name as entry element Famiglia nella società / lavoro
Relator term 006
700 ## - ADDED ENTRY--PERSONAL NAME
Personal name Colombo Asher
942 ## - ADDED ENTRY ELEMENTS (KOHA)
Koha item type LIBRO
957 ## -
-- 1
999 ## - SYSTEM CONTROL NUMBERS (KOHA)
-- 1
Dati di copia
Withdrawn status Lost status Damaged status Not for loan Home library Current library Date acquired Total Checkouts Full call number Date last seen Price effective from Koha item type Public note
    Buone Condizioni Not For Loan CISF - Milano CISF - Milano 14/10/2016   b6599-47455 14/10/2016 14/10/2016 LIBRO Data import 15.10.2016 / by Epidotti, Vaglietti
CREDITS: SOCIETA' SAN PAOLO Via A.Severo, 58 - ROMA (RM) & PERIODICI SAN PAOLO SRL Via Giotto, 36 MILANO & CISF Via Giotto, 36 MILANO & EDIZIONI SAN PAOLO SRL,  Piazza Soncino, 5 CINISELLO BALSAMO (MI) -- ITALY